Guess the Billie Eilish's song by the lyrics! - Statistics

General Stats
  • This quiz has been taken 6,484 times
  • The average score is 106 of 259
Answer Stats
Answer % Correct
I
98%
(I
98%
I?
98%
I?)
98%
a
89%
you
89%
(you
89%
You
89%
do?
81%
don't
73%
the
73%
be
71%
to
67%
me
66%
me)
66%
know
61%
wanna
61%
no
60%
(no
60%
it
54%
my
53%
And
48%
who?
48%
I'm
44%
am
43%
(Am
43%
Am
43%
was
42%
is
41%
(Is
41%
can't
40%
Can't
40%
how
40%
not
39%
That
39%
that
39%
like
38%
for
37%
Did
36%
really
36%
really)
36%
think
35%
were
35%
they
34%
why
34%
(why
34%
But
33%
of
33%
just
32%
there
31%
there)
31%
this
30%
All
29%
get
27%
now
27%
even
26%
It's
25%
right
25%
care
24%
care)
24%
bein'
23%
them
23%
thing
22%
with
22%
Cause
21%
happened
21%
overheated
21%
said
21%
didn't
20%
let
19%
out
19%
kill
18%
started
18%
stop
18%
defeated
17%
down
17%
hurt
17%
about
16%
deleted
16%
help
16%
only
16%
talkin'
16%
went
16%
everybody
15%
laughin'
15%
kinda
14%
(kinda
14%
myself
14%
watchin'
14%
Man
13%
photographin'
13%
repeated
13%
still
13%
walkin'
13%
else
12%
flirty
12%
gave
12%
rest
12%
body?
11%
reaction
11%
reaction)
11%
these
11%
un-believe
11%
workin'
11%
b*tches
10%
flashin'
10%
Instead
10%
news?
10%
News
10%
surgery
10%
built
9%
none
9%
other
9%
plastic
9%
redesign
9%
sick
9%
stoppin'
9%
business
8%
pictures
8%
posin'
8%
inanimate
7%
looked
6%
No matching quizzes found
Score Distribution
Percent of People with Each Score
Percentile by Number Answered
Your Score History
You have not taken this quiz